Quizzes
Events
Quiz Creation
Community
Videos
Private Events
Remove Ads
Sign In
Join for FREE
Feedback
Dark Mode
Quiz Categories
Sports
Geography
Music
Movies
Television
Just For Fun
Miscellaneous
History
Literature
Language
Science
Gaming
Entertainment
Religion
Holiday
For Kids
Quiz Lab
Recent
Popular Today
Quiz Kudos Today
Editor Picks
Curator Picks
Quizzes by...
Day
Popularity
Type
Ratings
Length
Year
Community
Subscriptions
Recent Discussions
Orange Saloon
Badges
Playlists
Quests
Create
Leaderboards
Showdown
Live 5
Trivia Bingo
Activity
Puzzle Library
Sporcle Events
Private Events
Virtual Trivia
Globe League
Become a Host
Pub Owners
SporcleCon
Opinionation
Our Games
Videos
Blog
Mobile Apps
Partnerships
Remove Ads and Go Orange
Feedback
History
US Presidents
World Leaders
Politics
Nation
Discovery
War
Decade
Year
Century
Biography
Art
History
US Presidents
World Leaders
Politics
Nation
Discovery
War
Decade
Year
Century
Biography
Art
Random Quiz
Search Sporcle
×
Quiz Lab
Quiz Lab
History
plan
Type in answers that appear in a list
Type in answers that appear in a list
Classic
Best Score? Go Orange.
Reconstruction Plans Stats
Can you name the Reconstruction Plans?
By
mjn2010
4m
11 Questions
75 Plays
75 Plays
75 Plays
Comments
Comments
Give Quiz Kudos
Give Quiz Kudos
-
- Ratings
hide this ad
Forced Order
Answers have to be entered in order
Answers have to be entered in order
Replay
Link that replays current quiz
Next Quiz
Link to next quiz in quiz playlist
You Got
0%
They Got
Avg Score
36%
Avg Friend Score
Upgrade to see
Score Distribution
Jump to the score distribution portion of the page
Score
0/11
Timer
04:00
0
Plays Today
Plan Provisions
Plan Name
% Correct
1/
10 of voters from 1860 election take loyalty oath in a state and can then create a new state government and elect reps to Congress
Ten Percent Plan
69.3%
No pardons for high Confederate officials and persons owning property in excess of $20,000
Johnson Plan
54.7%
Majority of state must take loyalty oath
Wade-Davis Bill
54.7%
High Confederate officials and military leaders temporarily excluded from Reconstruction process
Ten Percent Plan
49.3%
5 military districts created in South and led by Union generals
Radical Reconstruction
34.7%
State was required to repeal secession ordinance before being readmitted
Johnson Plan
30.7%
No Confederate officials could participate in the new state governments
Wade-Davis Bill
29.3%
A state must formally abolish slavery before being readmitted
Wade-Davis Bill
29.3%
New state constitutions must include provision for extending suffrage to African-
Americans
Radical Reconstruction
28%
Required states to ratify 14th Amendment prior to readmission
Radical Reconstruction
26.7%
0%
Quiz Playlist
Details
Report
Send in Message
Add To Playlist
Classic:
Type in answers that appear in a list
Forced Order:
Answers have to be entered in order
Last Updated: Feb 16, 2017
Quiz Scoreboard
CHALLENGE
Sign Up to Join the Scoreboard
Show All
Scores
Hide
Comments
May contain spoilers
Recently Published
NBA Finals Game Top Scorers (2010s)
by flibbidy
Sports
5m
Guess the 'R' Things in 3 Words
by MSUKent
Miscellaneous
3m
Actor to Badly Drawn Movie III
by MoMosMoProblems
Movies
5m
More to Explore
Quiz From the Vault
Featured Blog Post
Where Does Lost Luggage Go?
hide this ad
You Might Also Like...
Tags
plan
reconstruction
Today's Top Quizzes in History
Browse History
hide this ad
Today's Top Quizzes in plan
Browse plan
Top Contributed Quizzes in History
1
Nickname Match: US Presidents
2
I Am Born On March 18th
3
Nickname Match: World Leaders II
4
Nickname Match: US Presidents II
5
Famous People on Time Magazine Covers III (Slideshow)
6
10 to 1: Generals by War
7
27 Amendments
8
Order the British Succession
9
New Deal Alphabet Soup
10
I Am Born On March 17th
Explore More
Trending Topics
Disney
NBA
Anime
Harry Potter
Marvel
Crossword
Kpop
Song
The Office
NFL
Puzzle
Soccer
Pokémon
Country
WWE
hide this ad
More By:
mjn2010
Quiz
Plays
Rating
Category
Featured
Created
Major US History Events by Date
1,634
1.80
History
Mar 23, 2010
Causes of World War I
552
2.17
History
Apr 21, 2010
Founding Fathers by Facts
153
3.50
History
Nov 21, 2011
Reconstruction Plans
75
5.00
History
Apr 19, 2010
Plans of the Constitutional Convention
58
History
Jan 5, 2012
Go to Creator's Profile
Score Distribution
Quiz Creator Spotlight
mjn2010
Follow
Send a Message
Quizzes Created
-
Created Quiz Play Count
-
More By This Creator
Popular Quizzes Today
1
Find the US States - No Outlines Minefield
2
Find the US States
3
The Countries of the World
4
10 Largest US States in Order
5
Find the Countries of Europe - No Outlines Minefield
6
US States
7
Guess the 'R' Things in 3 Words
8
NBA Finals Game Top Scorers (2010s)
More History Quizzes
On This Day: April 5th
Published
Trending Quizzes
First Name TV: Leading Men
Match the Book to the Film II
3-Word Movies in 1 Word II
First Name TV: Leading Women Drama
Match the Book to the Film VI
Recently Updated
Women's Final Four Teams by Year
bhenderson79
Presidents Quartet II
eogle
Anything But Clue(do)
eogle
Anything But Oceanian Capitals
eogle
Anything But 7
eogle
Anything But Thing
eogle
Word Ladder: February 29
pecheneg
Song Title Questions
pecheneg
Women's NCAA Tournament #1 Seeds
pecheneg
Celebrity Mug Shots
pecheneg
Trending Topics
Marvel
Disney
Harry Potter
Crossword
Anime
Kpop
NBA
Country
Song
The Office
Pokémon
WWE
NFL
Soccer
Puzzle
Your Account Isn't Verified!
In order to create a playlist on Sporcle, you need to verify the email address you used during registration. Go to your
Sporcle Settings
to finish the process.
Report this User
Report this user for behavior that violates our
Community Guidelines
.
Details:
Send Report
Go to the Sporcle.com Mobile Site →
Comments